Nazwij pasującą azjatycką stolicę - Statystyki

Ogólne statystyki
  • Ten quiz został rozwiązany 3 895 razy
  • Średni wynik to 10 z 19
Statystyki odpowiedzi
Nazwij azjatycką stolicę... Stolica % Poprawnych
która organizowała Letnie Igrzyska Olimpijskie: Pekin | Seul | Tokio
98%
która jest stolicą państwa śródziemnomorskiego: Ankara | Bejrut | Damaszek | Jerozolima | Nikozja
85%
która leży na wyspie: Bandar Seri Begawan | Dili | Dżakarta | Male | Manama | Manila | Nikozja | Singapur | Sri Dźajawardanapura Kotte | Tajpej | Tokio
83%
która jest stolicą jednego z państw ościennych Kambodży: Bangkok | Hanoi | Wientian
79%
która jest stolicą państwa zawierającego "stan" w nazwie: Astana | Aszchabad | Biszkek | Duszanbe | Islamabad | Kabul | Taszkent
74%
której wysokość jest większa niż 1400m n.p.m.: Kabul | Katmandu | Sana | Thimphu
71%
która jest oddalona o ponad 1100 kilometrów od jakiejkolwiek innej stolicy państwa: Bandar Seri Begawan | Dili | Manila | Tajpej | Tokio | Ułan Bator
68%
która leży na południe od równika: Dili | Dżakarta
65%
która ma 3 słowa w swojej nazwie: Bandar Seri Begawan | Sri Dźajawardanapura Kotte
59%
której średnia dzienna temperatura to co najmniej 33.3ºC (92F): Abu Zabi | Bangkok | Kuwejt | Maskat | Rijad
57%
która jest jedną z trzech ostatnich stolic Azji alfabetycznie: Tokio | Ułan Bator | Wientian
46%
do której przyjechało ponad 9 milionów turystów w 2015 roku: Bangkok | Kuala Lumpur | Singapur | Tajpej
42%
która leży bliżej niż 500 kilometrów od Morza Kaspijskiego: Aszchabad | Baku | Erywań | Tbilisi | Teheran
40%
w której spada rocznie mniej niż 100mm opadów atmosferycznych: Abu Zabi | Doha | Manama | Maskat
29%
której nazwa zawiera literę "c": Aszchabad
28%
która leży nad rzeką Mekong: Phnom Penh | Wientian
28%
która została odgadnięta mniej niż 37% razy w quizie "Asia Capitals Quiz": Aszchabad | Duszanbe | Naypyidaw | Sri Dźajawardanapura Kotte
21%
która ma od 3 do 4 milionów osób w swoim obszarze miejskim: Amman | Damaszek | Hanoi | Kabul
19%
w której nazwie litera "y" powtarza się 2 razy: Naypyidaw
14%
Nie znaleziono quizów pasujących do podanych kryteriów
Rozkład punktacji
Procent ludzi z każdym wynikiem
Percentyl według liczby udzielonych odpowiedzi
Twoja historia wyników
Nie rozwiązałeś tego quizu